Normal view MARC view

Entry Personal Name

Number of records used in: 2

001 - CONTROL NUMBER

  • control field: 312

003 - CONTROL NUMBER IDENTIFIER

  • control field: OSt

005 - DATE AND TIME OF LATEST TRANSACTION

  • control field: 20110128145335.0

008 - FIXED-LENGTH DATA ELEMENTS

  • fixed length control field: 110128|||a|||||| | ||| d

040 ## - CATALOGING SOURCE

  • Original cataloging agency: OSt
  • Transcribing agency: OSt

100 ## - HEADING--PERSONAL NAME

  • Personal name: बेडेकर, विजय वा.; मठ, शं. बा.; साने, यशवंत; नाडकर्णी, नरेंन्द्र; कळमकर, उषा जयंत; गाणार, शशिकांत; शिंगाडे, चंद्रकांत; कुलकर्णी, हेरंब; किन्हाळकर, व्रुशाली

670 ## - SOURCE DATA FOUND

  • Source citation: Work cat.: (OSt): बेडेकर, विजय वा. 311, १२४ दिशा : डिसेंबर २००७, २००७